| 000 | 01031nam a2200241Ia 4500 | ||
|---|---|---|---|
| 999 |
_c49391 _d49391 |
||
| 001 | 16311 | ||
| 003 | GE_BSU | ||
| 005 | 20200407181305.0 | ||
| 008 | 181216s2013ge xx |||||||||||||| ||geo|| | ||
| 020 | _a9789941935503 | ||
| 040 | _cGE_BSU | ||
| 041 | _ageo | ||
| 080 | _a343.9(075.8) გ-25 | ||
| 100 |
_aგახოკიძე, ჯემალ _97864 |
||
| 245 |
_aკრიმინოლოგია : პირველი ნაწილი _bსახელმძღვ. / _cჯემალ გახოკიძე ; რედ. გიორგი თოდრია. |
||
| 264 |
_aთბილისი : _bიურისტების სამყარო, _c2013. |
||
| 300 |
_a97 გვ .: _c20 სმ. |
||
| 504 | _aბიბლიოგრ. ტექსტ. შენიშვნ. და გვ.93-96 | ||
| 653 | _aკრიმინოლოგია | ||
| 653 | _aსამართალი | ||
| 700 |
_aთოდრია, გიორგი _eრედაქტორი _92886 |
||
| 942 |
_cBK _2udc |
||